01380nam a2200325 a 4500001001000000003000500010005001700015008004100032010001100073011001100084040000900095090001000104100003900114245014000153260004100293500006000334502007700394590004000471590004000511650004900551650003200600650003400632856007000666901000700736942001000743942000600753999001900759952013600778952014000914000111796CHAP20220329144229.0150817s2015 mx sm |||||||spa d a108257 a109229 cCHAP aTesis1 aMarín Montes, Ivan Maryn912974910aCaracterización morfológica y molecular de 55 colectas de jitomate nativo de Méxicoh[En línea]cpor Ivan Maryn Marín Montes. aChapingo, Méx. :bEl autor,c2015. aPara ver el contenido del material haga clic en la liga aTesis (Ing. Agr. Esp. en Fitotecnia) -- UACH. Departamento de Fitotecnia aE5765TAJb05c20150817lUCH01h1116 aE5765TAJb05c20150817lUCH01h111714aTomatexFisiología y morfología.911372214aTomatexGenética.911372614aTomatexMejoramiento.9113737 aFinding aiduhttp://10.13.5.2/tesis/sist111796.pdfzTeclea aquí aBK cTESIS n0 c108257d108257 00104054718TESISaBCbBCd2015-08-17fTESISl0oTesisp33724002507215r2019-12-31 00:00:00w2019-12-31yTESISzRecien adquirido 00102local4053708TESISaBCbBCcPA_TESISd2015-08-17fTESISl0oTesisp33724002507967r2019-12-31 00:00:00tc.2w2019-12-31yTESIS